| 000 | 00771nam a22002177a 4500 | ||
|---|---|---|---|
| 001 | 76421 | ||
| 003 | BD-RjUL | ||
| 005 | 20211209082836.0 | ||
| 008 | 191203s2019 bg ||||| |||| 00| 0 ben d | ||
| 020 | _a9789849362708 | ||
| 035 | _a(BD-RjUL)76642 | ||
| 040 |
_aBD-RjUL _beng _cBD-RjUL |
||
| 041 | _aeng | ||
| 082 |
_223 _a954.9205092 _b PAK 2019 |
||
| 245 |
_aকূটনৈতিক সাফল্যের চূড়ায় শেখ হাসিনা / _cরাজীব পারভেজ |
||
| 260 |
_aঢাকা : _bশ্রাবণ প্রকাশনী, _c২০১৯ |
||
| 300 |
_a১৭৬ পৃ. ; _c২২ সেমি. |
||
| 600 |
_aSheikh, Hasina _9235950 |
||
| 650 |
_aPrime ministers _zBangladesh _x Biography. _9235948 |
||
| 942 |
_2ddc _cBK |
||
| 999 |
_c76421 _d76421 |
||